Water distribution systems
Saved in:
| Main Author | |
|---|---|
| Corporate Author | |
| Format | Electronic eBook |
| Language | English |
| Published |
London :
Chartered Institution of Building Services Engineers,
[2010]
|
| Series | Commissioning code (Chartered Institution of Building Services Engineers) ;
W: 2010. |
| Subjects | |
| Online Access | Full text |
| ISBN | 9781628709643 1628709642 9781906846152 1906846154 |
| Physical Description | 1 online resource (26 pages) : illustrations |
Cover
| LEADER | 00000cam a2200000 i 4500 | ||
|---|---|---|---|
| 001 | kn-ocn890641818 | ||
| 003 | OCoLC | ||
| 005 | 20240717213016.0 | ||
| 006 | m o d | ||
| 007 | cr cn||||||||| | ||
| 008 | 140916s2010 enka ob 001 0 eng d | ||
| 040 | |a KNOVL |b eng |e rda |e pn |c KNOVL |d OCLCQ |d STF |d OCLCQ |d GILDS |d CEF |d RRP |d OCLCQ |d OCLCO |d OCLCQ |d OCLCO |d OCLCL |d SXB | ||
| 020 | |a 9781628709643 |q (electronic bk.) | ||
| 020 | |a 1628709642 |q (electronic bk.) | ||
| 020 | |z 9781906846152 | ||
| 020 | |z 1906846154 | ||
| 035 | |a (OCoLC)890641818 | ||
| 100 | 1 | |a Parsloe, C. | |
| 245 | 1 | 0 | |a Water distribution systems / |c [author: Chris Parsloe]. |
| 264 | 1 | |a London : |b Chartered Institution of Building Services Engineers, |c [2010] | |
| 264 | 4 | |c ©2010 | |
| 300 | |a 1 online resource (26 pages) : |b illustrations | ||
| 336 | |a text |b txt |2 rdacontent | ||
| 337 | |a computer |b c |2 rdamedia | ||
| 338 | |a online resource |b cr |2 rdacarrier | ||
| 490 | 1 | |a CIBSE commissioning code ; |v W: 2010 | |
| 504 | |a Includes bibliographical references (pages 15-16) and index. | ||
| 506 | |a Plný text je dostupný pouze z IP adres počítačů Univerzity Tomáše Bati ve Zlíně nebo vzdáleným přístupem pro zaměstnance a studenty | ||
| 590 | |a Knovel |b Knovel (All titles) | ||
| 650 | 0 | |a Water-supply engineering. | |
| 655 | 7 | |a elektronické knihy |7 fd186907 |2 czenas | |
| 655 | 9 | |a electronic books |2 eczenas | |
| 710 | 2 | |a Chartered Institution of Building Services Engineers. | |
| 776 | 0 | 8 | |i Print version: |a Parsloe, C. |t Water distribution systems |z 9781906846152 |w (OCoLC)774636633 |
| 830 | 0 | |a Commissioning code (Chartered Institution of Building Services Engineers) ; |v W: 2010. | |
| 856 | 4 | 0 | |u https://proxy.k.utb.cz/login?url=https://app.knovel.com/hotlink/toc/id:kpWDSCIBS3/water-distribution-systems?kpromoter=marc |y Full text |